Kraje na literę D - Statystyki

Ogólne statystyki
  • Ten quiz został rozwiązany 284 razy
  • Średni wynik to 3 z 5
Statystyki odpowiedzi
Państo % Poprawnych
Dania
98%
Dominika
70%
Dominikana
66%
Demokratyczna Republika Konga
47%
Dżibuti
44%
Nie znaleziono quizów pasujących do podanych kryteriów
Rozkład punktacji
Procent ludzi z każdym wynikiem
Percentyl według liczby udzielonych odpowiedzi
Twoja historia wyników
Nie rozwiązałeś tego quizu